000 00835nam a2200205Ia 4500
003 OSt
005 20241109103818.0
008 210210b2001 xxu||||| |||| 00| 0 eng d
040 _cAL
041 _aKannada
082 _a954.871K UMAK
100 _aUMANATHA SHENOY (Y)
_d ಉಮಾನಾಥ ಶೆಣೈ (ವೈ)
_9157247
245 _aShri karinja kshetra: kshetravarnane, ithihasa, stala purana mattu vidhi vidhanagalu
_b ಶ್ರೀ ಕಾರಿಂಜ ಕ್ಷೇತ್ರ : ಕ್ಷೇತ್ರವರ್ಣನೆ, ಇತಿಹಾಸ, ಸ್ಥಳ ಪುರಾಣ ಮತ್ತು ವಿಧಿ ವಿಧಾನಗಳು
260 _aPutturu
_bShri Mahalakshmi Prakashana
_c2001
300 _a60
650 _aSouth Kanara /South Canara
_9183806
690 _aDakshina Kannada
_9157258
906 _a058923
942 _2ddc
_cBK
999 _c105993
_d105993